000 00817nam a2200289Ia 4500
005 20260324124518.0
008 008 260324s9999 xx 000 0 eng d
020 _a9780203842669
037 _aEBOOK
040 _aCRL
040 _beng
040 _cCRL
041 _2eng
041 _aeng
084 _qCRL
100 _aPhyllis E. Whitin; David J. Whitin
_91174443
245 0 _aLearning to Read the Numbers
245 0 _bIntegrating Critical Literacy and Critical Numeracy in K-8 Classrooms. A Co-Publication of The National Council of Teachers of English and Routledge
260 _bTaylor and Francis
260 _c2010
365 _a
365 _b255
856 _uhttp://www.taylorfrancis.com/books/9780203842669
942 _cEBOOK
999 _c1768874
_d1768874